Basic mathematics for college students (Record no. 69493)

MARC details
000 -LEADER
fixed length control field 00663nam a22001937a 4500
005 - DATE AND TIME OF LATEST TRANSACTION
control field 20230704135711.0
040 ## - CATALOGING SOURCE
Transcribing agency urs
050 ## - LIBRARY OF CONGRESS CALL NUMBER
Classification number QA 107 S26 1997
100 ## - MAIN ENTRY--PERSONAL NAME
9 (RLIN) 395
Personal name Santos, Rosita De Guzman.,
Relator term author.
245 ## - TITLE STATEMENT
Title Basic mathematics for college students
Statement of responsibility, etc Rosita De Guzman-Santos, Pacita Reyes-Soriano, Marites Fadriquela-Rodenas
260 ## - PUBLICATION, DISTRIBUTION, ETC. (IMPRINT)
Place of publication, distribution, etc Manila
Name of publisher, distributor, etc Centro Escolar University
Date of publication, distribution, etc 1997
336 ## - CONTENT TYPE
Source rdacontent
Content type term text
Content type code txt
337 ## - MEDIA TYPE
Source rdamedia
Media type term unmediated
Media type code n
338 ## - CARRIER TYPE
Source rdacarrier
Carrier type term volume
Carrier type code nc
650 #0 - SUBJECT ADDED ENTRY--TOPICAL TERM
9 (RLIN) 9
Topical term or geographic name as entry element Mathematics.
700 ## - ADDED ENTRY--PERSONAL NAME
9 (RLIN) 3012
Personal name Soriano, Pacita Reyes-
Relator term author
700 ## - ADDED ENTRY--PERSONAL NAME
9 (RLIN) 3013
Personal name Rodenas, Marites Fadriquela-
Relator term author
942 ## - ADDED ENTRY ELEMENTS (KOHA)
Source of classification or shelving scheme Library of Congress Classification
Koha item type Filipiniana
Holdings
Withdrawn status Lost status Source of classification or shelving scheme Damaged status Not for loan Home library Current library Shelving location Date acquired Total Checkouts Full call number Barcode Date last seen Price effective from Koha item type
    Library of Congress Classification     Binangonan College Library Binangonan College Library Filipiniana Section 07/04/2023   QA 107 S26 1997 URSBIN-3699 07/04/2023 07/04/2023 Filipiniana

University of Rizal System
Email us at univlibservices@urs.edu.ph

Visit our Website www.urs.edu.ph/library